000
00330nam a2200133Ia 4500
008
191201s2019 xx 000 0 und d
082
_a
615.4 DAG
100
_a
DASGUPTA, Tarun K
245
0
_a
Gate a key to success pharmacy
260
_b
AITBS pub
_a
New delhi
_c
2019
300
_a
277
650
_a
Miscellaneous
942
_2
ddc
_c
BK
999
_c
8194
_d
8194